000 00372nam a22001457a 4500
999 _c197533
_d197533
008 230824b ||||| |||| 00| 0 eng d
082 _a613-KUM
100 _aDelhi
_dA.I.C.B.
_qRohini
245 _aHealth for all
_hEnglish
260 _aDelhi
_bA.I.C.B.
_cRohini
270 _aA.I.C.B. Rohini, Delhi
300 _a12x13
490 _v1
942 _2ddc
_cBRLEN
_k613
_mKUM